Born in Eindhoven - Statistics

General Stats
  • This quiz has been taken 4 times
  • The average score is 5 of 6
Answer Stats
Hint Answer % Correct
Footballer who plays for Liverpool and the Dutch national team 1999 Cody Gakpo
100%
Former chairman of the board of directors of Philips who was recognized by Yad Vashem as a Righteous Among the Nations for saving Jewish people during the Nazi Occupation 1905 Frits Philips
100%
Former footballer who played for Barcelona, PSV and the Dutch national team and coach of PSV from 2013 to 2018 1970 Philip Cocu
100%
Former basketball player who played for the Indiana Pacers in the NBA 1966 Rik Smits
75%
Former racing driver who drove in Formula One from 2005 until 2007 for Minardi, Midland and Spyker 1979 Christijan Albers
50%
Film director and cinematographer, "Speed" "Twister" 1943 Jan de Bont
50%
No matching quizzes found
Score Distribution
Percent of People with Each Score
Percentile by Number Answered
Your Score History
You have not taken this quiz